| 000 | 00852cab a2200289 4500 | ||
|---|---|---|---|
| 001 | WB2936-06 | ||
| 008 | 090401t1993 xxu||||| |||| 00| 0 eng d | ||
| 035 | _a(Sirsi) u37810 | ||
| 041 | _aeng | ||
| 100 | _aPatterson, A. | ||
| 245 | _aExchange rates boost foreign interest | ||
| 260 | _c1993 | ||
| 350 | _a0 | ||
| 490 |
_aCSW - The Property Week _v44(14) 30 September 1993, 86(1) |
||
| 520 | _aAssesses the impact on the central London office market of foreign investment. | ||
| 650 | _aCENTRAL LONDON | ||
| 650 | _aDEVALUATION | ||
| 650 | _aERM | ||
| 650 | _aFOREIGN INVESTMENT | ||
| 650 | _aINSTITUTIONAL INVESTORS | ||
| 650 | _aINVESTMENT MARKET | ||
| 650 | _aINWARD INVESTMENT | ||
| 650 | _aSTERLING | ||
| 690 | _aPROPERTY-COMMERCIAL PROPERTY-COMMERCIAL PROPERTY FINANCE AND INVESTMENT | ||
| 942 | _n0 | ||
| 948 | _c04/03/1997 | ||
| 999 |
_c24331 _d24331 |
||